BIBLIOTHÈQUE DE LA MAISON DU MEXIQUE

Logo 1 Logo 2

Mayorazgos de la Nueva España (notice nᵒ 10543)

détails MARC
000 -Sello discográfico
campo de control de longitud fija 01010nam a2200301 4500
005 - Identificación de versión
campo de control 20251017062846.0
035 ## - Otros números de control del sistema
Número de control del sistema 7216
099 ## - fechas locales
Tipo de ítem Koha LIBRO
100 ## - Datos de procesamiento general
Datos de procesamiento general 20040114d1965 m y1spay5003 ba
105 ## - Campo de datos codificados: Material textual, monográfico
Datos codificados de monografía a 001zy
200 1# - Título y mención de responsabilidad
Título propio Mayorazgos de la Nueva España
Designación general del material texto impreso
Primer mención de responsabilidad Guillermo S. Fernández de Recas
210 ## - Publicación, distribución, etc.
Lugar de publicación, distribución, etc. México
Nombre del editor, distribuidor, etc. Universidad Nacional Autónoma de México, Instituto Bibliográfico Mexicano
Fecha de publicación, distribución, etc. 1965
215 ## - Descripción física
Designación de material específico y extensión del ítem 509 p
Otras características físicas il.
Dimensiones 24 cm
345 ## - Nota de información de adquisición
Fuente de adquisición/dirección de la suscripción [OBSOLETO] Donación
410 #1 - Series
Título Biblioteca Nacional de México
Número de volumen 10
606 ## - Término temático usado como materia
Elemento de entrada Tierra
Subdivisión temática Tenencia, Derecho de
Subdivisión geográfica México
Subdivisión temática Historia
Subdivisión cronológica Colonia, 1540-1810
Número Koha 2371
607 ## - Nombre geográfico utilizado como tema
Elemento de entrada México
Subdivisión temática Genealogía
Número Koha 17062
607 ## - Nombre geográfico utilizado como tema
Elemento de entrada México
Subdivisión temática Historia
Subdivisión cronológica Colonia, 1540-1810
Número Koha 605
660 ## - Código de área geográfica
Código MX
676 ## - Clasificación Decimal Dewey
Número 972.021 F363m
700 ## - Nombre personal - Responsabilidad primaria
Elemento de entrada Fernández de Recas
Parte del nombre distinta del elemento de entrada Guillermo S
Número Koha 17063
801 #0 - Fuente de origen
Agencia cm
900 ## -
-- 1/5953
900 ## -
-- 7100417714\140104
942 ## - ELEMENTOS DE ENTRADA SECUNDARIOS (KOHA)
Tipo de ítem Koha Livre

Pas d'exemplaire disponible.